| 000 | 00425nam a22001457a 4500 | ||
|---|---|---|---|
| 999 |
_c8089 _d8090 |
||
| 008 | 190708b ||||| |||| 00| 0 eng d | ||
| 082 | _a519.4 A87i 1989 | ||
| 100 | _a Atkinson, Kendall E. | ||
| 245 | _aAn introduction to numerical analysis. | ||
| 250 | _a2nd ed. | ||
| 260 |
_aNew York ; _bJohn Wiley and Sons, _c1989. |
||
| 300 |
_axvi, 693 p. _c23 cm. |
||
| 650 | _a Numerical analysis; Numerical analysis | ||
| 942 | _2ddc | ||